The research and development effort in Western Europe, North America and the Soviet Union : an experimental international comparison of research expenditures and manpower in 1962 /

Guardado en:
Autor Principal: Freeman, C.
Autores Corporativos: Organisation for Economic Co-operation and Development. Committee for Scientific Research., National Institute of Economic and Social Research.
Otros Autores: Young, A. J.
Formato: Libro
Idioma:English
Publicado: [Paris] : Organisation for Economic Co-operation and Development, [1965]
Materias:
Etiquetas: Agregar Etiqueta
Sin Etiquetas, Sea el primero en etiquetar este registro!
LEADER 01274cam a22002535a 4500
001 EIQ.libpla000028
008 720817s1965####fr#a#####b####100#0#eng#d
005 20060505171850.0
245 1 4 |a The research and development effort in Western Europe, North America and the Soviet Union :  |b an experimental international comparison of research expenditures and manpower in 1962 /  |c by C. Freeman and A. Young. 
260 |a [Paris] :  |b Organisation for Economic Co-operation and Development,  |c [1965] 
300 |a 152 p. :  |b il., tablas ;  |c 27 cm. 
500 |a Preparado para el instituto nacional de la investigación económica y social a petición del comité de la OCDE para la investigación científica. 
504 |a Notas bibliográficas al pie de la página. 
100 1 |a Freeman, C.  |q Freeman, Christopher. 
700 1 |a Young, A. J. 
710 2 |a Organisation for Economic Co-operation and Development.  |b Committee for Scientific Research. 
710 2 |a National Institute of Economic and Social Research. 
650 4 |a Investigación  |x Gastos. 
650 4 |a Investigación  |x Mano de obra. 
650 4 |a Research  |x Expenditure. 
650 4 |a Research  |x manpower. 
010 |a  66050225  
040 |a DLC  |c PPD  |d OCoLC  |d AR-BbSID 
859 |a AR-BbSID  |b BIB. PLAPIQUI  |h 001.4  |i F 1  |p 3836